Modelovanie a simulácia výrobných procesov
Salvato in:
| Autore principale: | |
|---|---|
| Altri autori: | |
| Natura: | Manoscritto Libro |
| Lingua: | slovacco |
| Pubblicazione: |
2019
|
| Soggetti: | |
| Accesso online: | http://is.stuba.sk/zp/portal_zp.pl?podrobnosti=135408 |
| Tags: |
Nessun Tag, puoi essere il primo ad aggiungerne!!
|
MARC
| LEADER | 00000ntm a22000003a 4500 | ||
|---|---|---|---|
| 001 | stuzp71755 | ||
| 003 | SK-STU | ||
| 005 | 20190729103958.1 | ||
| 007 | ta | ||
| 008 | 150427s2015----xo-----f-mn---000-0-slo-d | ||
| 040 | |a STU |b slo | ||
| 041 | 0 | |a slo | |
| 044 | |a xo | ||
| 100 | 1 | |a Vranovič, Radovan |u 030400 |4 aut |U FEI Fakulta elektrotechniky a informatiky |T FEI Ústav automobilovej mechatroniky |X 86418 |U E400 |Y 642 |7 86418 | |
| 242 | 0 | 1 | |a Modelling and simulation of production processes |y eng |
| 245 | 1 | 0 | |a Modelovanie a simulácia výrobných procesov |
| 260 | |c 2019 | ||
| 300 | |a 60 s., |b CD-ROM | ||
| 650 | 4 | |a simulácia |2 slo | |
| 650 | 4 | |a výroba |2 slo | |
| 650 | 4 | |a proces |2 slo | |
| 650 | 4 | |a optimalizácia |2 slo | |
| 650 | 4 | |a simulation |2 eng | |
| 650 | 4 | |a production |2 eng | |
| 650 | 4 | |a process |2 eng | |
| 650 | 4 | |a optimization |2 eng | |
| 700 | 1 | |a Haffner, Oto |u 030400 |k Z2 |4 ths |U FEI Fakulta elektrotechniky a informatiky |T FEI Ústav automobilovej mechatroniky |X 56107 |U E400 |Y 642 |7 A000056107 | |
| 856 | 4 | |u http://is.stuba.sk/zp/portal_zp.pl?podrobnosti=135408 | |
| 996 | |b 284ER02962 |c E*Bc- 2962 |l EE30 |s P |a 0 |w stuzp71755_0001 | ||